Prosody and syntax (Record no. 81024)
[ view plain ]
| 000 -LEADER | |
|---|---|
| fixed length control field | 01388nam a2200349Ia 4500 |
| 082 04 - DEWEY DECIMAL CLASSIFICATION NUMBER | |
| Classification number | 414/.6 |
| 245 00 - TITLE STATEMENT | |
| Title | Prosody and syntax |
| 260 ## - PUBLICATION, DISTRIBUTION, ETC. (IMPRINT) | |
| Place of publication | Philadelphia, PA : |
| Name of publisher | J. Benjamins, |
| Year of publication | 2006. |
| 300 ## - PHYSICAL DESCRIPTION | |
| Number of Pages | 381 p. |
| 490 1# - SERIES STATEMENT | |
| Series statement | Usage-based linguistic informatics ; |
| 650 #0 - SUBJECT ADDED ENTRY--TOPICAL TERM | |
| Topical Term | Prosodic analysis (Linguistics) |
| Topical Term | Grammar, Comparative and general. |
| 700 1# - ADDED ENTRY--PERSONAL NAME | |
| Personal name | Kawaguchi, Yuji, |
| Personal name | Fonagy, Ivan. |
| Personal name | Moriguchi, Tsunekazu. |
| 856 40 - ELECTRONIC LOCATION AND ACCESS | |
| Uniform Resource Identifier | http://site.ebrary.com/lib/rucke/Doc?id=10126046 |
No items available.
